[Event "Seattle Open"]
[Site "?"]
[Date "1971.06.12"]
[Round "1"]
[White "Bailey, B."]
[Black "Golphenee, G."]
[Result "0-1"]
[WhiteElo "1976"]
[BlackElo "1738"]
[Annotator "Stockfish 14 (15s)"]
[PlyCount "84"]
[EventDate "1971.??.??"]

{B05: Alekhine's Defence: 4 Nf3 Bg4} 1. e4 Nf6 2. e5 Nd5 3. d4 d6 4. c4 Nb6 5.
Nf3 Bg4 6. h3 Bxf3 7. Qxf3 Nc6 8. e6 (8. Be3 dxe5 9. dxe5 e6 10. Nc3 Bb4 11.
Qg3 Qe7 12. Be2 O-O-O 13. O-O Bxc3 14. bxc3 f6 15. f4 f5 16. Qf2 Na4 17. Rfc1
b6 18. Qf3 Nb8 19. Rab1 c6 20. Qf2 Nc5 21. Bxc5 Qxc5 22. Qxc5 bxc5 {
Lopez Nocera,V (1940)-Malbran,G (2303) Villa Martelli 2004 0-1 (54)}) 8... fxe6
9. Be3 Nb4 10. Na3 c6 $146 (10... d5 11. Qh5+ (11. c5 Nd7 12. Be2 e5 13. dxe5
Nxe5 14. Qh5+ Ng6 15. Bd2 Nc6 16. O-O e5 17. f4 Bxc5+ 18. Kh1 O-O 19. f5 Nf4
20. Bxf4 exf4 21. Rxf4 Qe8 22. Qf3 Rd8 23. Nb5 Qe5 24. Bd3 Qxb2 25. Rf1 Qe5 {
Kalfas,R-Italie,R New York 1999 1/2-1/2 (71)}) 11... Kd7 12. c5 Nc4 13. Nxc4
dxc4 14. Bxc4 c6 15. O-O Qe8 16. Qe5 Qf7 17. Bf4 Rc8 18. Bh2 Nd5 19. Qg3 b5 20.
Bxd5 exd5 21. Qa3 Ra8 22. Qa6 Qe8 23. a4 bxa4 24. Rfe1 Qc8 25. Qxa4 {
Rogulj,B (2435)-Mohr,G (2440) Bled 1992 1-0 (34)}) (10... g6 11. Be2 $14) 11.
Be2 g6 12. O-O Bg7 13. Bd2 (13. h4 e5 14. d5 Qd7 $14) 13... Na6 (13... a5 $5
14. Bc3 Nd7 $11) 14. Nc2 $14 Qd7 (14... e5 15. dxe5 Bxe5 16. Rab1 $14) 15. b3 (
15. a4 Qc8 $16) 15... O-O-O (15... e5 16. dxe5 Bxe5 17. Rae1 $14) 16. Bc3 (16.
a4 e5 17. a5 Na8 $16) 16... Kb8 17. Qe3 Nc7 (17... e5 18. dxe5 Bxe5 19. Bg4 $16
) 18. a4 Qc8 (18... e5 19. a5 Nc8 20. a6 Nxa6 21. dxe5 Bxe5 22. Bxe5 dxe5 23.
Rxa6 bxa6 24. Nb4 $18) 19. b4 Nd7 $2 (19... d5 $142 20. c5 Nc4 $18) 20. b5 c5
21. a5 e5 (21... cxd4 22. Bxd4 Bxd4 23. Qxd4 e5 $18) 22. dxe5 (22. dxc5 $142
Nxc5 23. a6 b6 $18) 22... Bxe5 23. Bxe5 Nxe5 24. f4 Qf5 (24... Nd7 25. Bf3 d5
26. cxd5 Rhf8 $18) 25. fxe5 Qxc2 (25... Qxe5 26. Qf3 $18) 26. b6 axb6 (26...
Ne6 27. a6 axb6 28. axb7 $18) 27. axb6 Na6 (27... Qb2 28. bxc7+ Kxc7 29. exd6+
exd6 $18) 28. Qf3 (28. exd6 $142 Rxd6 29. Qxe7 Rxb6 30. Qe5+ Ka7 31. Qxh8 $18)
28... Qb2 $14 29. Rfb1 Qxe5 $4 (29... Qd4+ $142 30. Kh1 dxe5 $14) 30. Rxa6 $18
bxa6 31. Qa3 (31. Qc6 $142 d5 32. cxd5 $18) 31... Qe4 32. Qa2 $4 (32. Qxa6 $142
Qa8 33. Qb5 $11) 32... Rhf8 $19 33. Ra1 (33. Bg4 Kb7 34. Ra1 Ra8 $19) 33... Qb7
34. Bg4 Rde8 (34... Rf6 $142 35. Bf3 Rxf3 36. gxf3 Rf8 $19) 35. Be6 $11 Rf5 36.
Qa4 (36. Bd5 $5 Rxd5 37. cxd5 $11) 36... Ref8 (36... Rd8 $142 37. Rb1 Rf4 $17)
37. Rb1 $2 (37. Bxf5 gxf5 38. Qxa6 Qxa6 39. Rxa6 Rf6 $11) 37... Rg5 $4 (37...
Rf4 38. Qa1 Rd4 39. Re1 $19) 38. Rb2 $4 (38. Bd5 $142 Rxd5 39. cxd5 $11) 38...
Re5 $19 39. Bd7 $4 (39. Bd5 Qc8 40. Ra2 Re1+ 41. Kh2 $19) 39... Re1+ 40. Kh2
Qe4 41. Rb3 (41. Qc2 Qe5+ 42. g3 Rf3 43. Qf2 Rxf2+ 44. Rxf2 Qe4 45. g4 Rh1+ 46.
Kg3 Qe3+ 47. Rf3 Qe1+ 48. Rf2 Rf1 49. Kf4 Qd2+ 50. Ke4 Rxf2 51. h4 Qd4#) 41...
Qf4+ (41... Qe5+ 42. Rg3 Rff1 43. h4 Rh1#) 42. Rg3 Re3 (42... Re3 43. Qa1 Qxg3+
44. Kg1 Re1+ 45. Qxe1 Qxe1+ 46. Kh2 Rf1 47. g3 Qf2#) (42... Qd4 43. Re3 Rff1
44. Bc6 Qf4+ 45. g3 Qf2+ 46. Bg2 Qg1#) 0-1

[Event "Seattle Open"]
[Site "?"]
[Date "1971.06.12"]
[Round "2"]
[White "Anderson, R."]
[Black "Bailey, B."]
[Result "0-1"]
[WhiteElo "1771"]
[BlackElo "1976"]
[Annotator "Stockfish 14 (15s)"]
[PlyCount "68"]
[EventDate "1971.??.??"]

{A06: Réti Opening:1 Nf3 d5} 1. b3 d5 2. Bb2 Bf5 3. e3 Nd7 4. Nf3 h6 5. Be2
Ngf6 6. O-O e6 7. c4 Bd6 8. d4 c6 9. Nbd2 O-O (9... Qb8 10. h3 O-O 11. a3 a5
12. c5 Bc7 13. b4 e5 14. dxe5 Nxe5 15. Nxe5 Bxe5 16. Bxe5 Qxe5 17. Nf3 Qe7 18.
Nd4 Be4 19. Nb3 axb4 20. axb4 Nd7 21. Qd4 Qg5 22. f3 Bf5 23. Kf2 Qe7 24. Rxa8 {
Demidiukov,E-Iljin,T (2362) Evpatoria 2006 1/2-1/2 (31)}) 10. Ne5 Ne4 11. Nxe4
$146 (11. f3 Nxd2 12. Qxd2 f6 13. Nxd7 Qxd7 14. Bd3 Bxd3 15. Qxd3 a5 16. Rae1
b5 17. c5 Bc7 18. f4 a4 19. b4 Rfe8 20. Qg6 Qf7 21. Qg3 Qh5 22. a3 Qf5 23. Qh4
Qe4 24. Qh3 Re7 25. Qh5 Kh7 {Kremer,L-Rubinstein,A Lodz 1927 0-1 (39)}) 11...
Bxe4 12. f4 (12. Bd3 Nxe5 13. dxe5 Bxd3 14. Qxd3 Bc5 $11) 12... Nf6 (12... Nxe5
13. dxe5 Bc5 14. Bd4 $15) 13. Bd3 (13. Nd3 $5 $15) 13... Bxe5 $17 14. dxe5 Bxd3
15. exf6 (15. Qxd3 $5 Ne4 16. a4 $17) 15... Bxf1 $19 16. fxg7 Re8 17. Qxf1 f6 (
17... dxc4 18. bxc4 Qd2 19. Bd4 $17) 18. cxd5 $2 (18. Qe2 Qe7 19. Rf1 $19)
18... cxd5 (18... exd5 19. Qe2 Qe7 20. Re1 $19) 19. Qf3 (19. Qe2 Qe7 $17) 19...
Kxg7 (19... Qe7 20. Rf1 Qxg7 21. Qd1 $19) 20. Qg4+ (20. f5 $5 Qe7 21. Qg3+ Kh8
22. Qg6 $17) 20... Kh7 $19 21. f5 $4 (21. Rf1 Rc8 22. Qd1 $19) 21... Rg8 22.
Qh5 (22. Qe2 e5 $19) 22... e5 23. Rd1 Qd7 (23... Rc8 24. Qe2 Qa5 25. a3 $19)
24. Qf3 Rad8 25. g4 (25. h3 Qc7 26. Ba3 Rg7 $19) 25... Rxg4+ 26. Qxg4 Rg8 27.
Qg6+ (27. Qxg8+ Kxg8 28. Rf1 Qb5 $19) 27... Rxg6+ 28. fxg6+ Kxg6 29. Rd2 (29.
Rf1 Qg4+ 30. Kf2 Kf5 $19) 29... Qf5 (29... Qh3 30. Re2 Qf3 31. Re1 $19) 30. Ba3
(30. Rf2 Qb1+ 31. Kg2 Kh5 $19) 30... Kh5 31. Bd6 (31. Rb2 Kh4 32. Kg2 Qh3+ 33.
Kf2 $19) 31... Qg5+ 32. Kf2 d4 $1 33. Rd3 (33. exd4 Qxd2+ {Deflection Pinning})
33... Qh4+ 34. Kg2 (34. Ke2 Qxh2+ 35. Kf3 Qh1+ 36. Ke2 Qg2+ 37. Ke1 $19) 34...
Qe4+ (34... Qe4+ 35. Kg3 Qxd3 36. a3 Qxe3+ 37. Kg2 Kh4 38. Kf1 Kg4 39. Kg2 Qe2+
40. Kg1 Kf3 41. h3 Qg2#) 0-1

[Event "Seattle Open"]
[Site "?"]
[Date "1971.06.12"]
[Round "3"]
[White "Bailey, B."]
[Black "Lowrie, W."]
[Result "1-0"]
[WhiteElo "1976"]
[BlackElo "1830"]
[Annotator "Stockfish 14 (15s)"]
[PlyCount "45"]
[EventDate "1971.??.??"]

{B29: Sicilian: 2 Nf3 Nf6 (Nimzowitsch Variation)} 1. e4 c5 2. Nf3 Nf6 3. e5
Nd5 4. Bc4 Nb6 5. d3 Nxc4 6. dxc4 Nc6 7. O-O g6 8. b3 $4 $146 (8. Nc3 Bg7 9.
Bf4 O-O 10. Qd2 Qb6 11. Na4 Qb4 12. Qxb4 cxb4 13. c3 f6 14. cxb4 fxe5 15. Bd2
Nd4 16. Ng5 b5 17. cxb5 d5 18. Nc5 h6 19. Nf3 Nxf3+ 20. gxf3 Bh3 21. Rfe1 Rxf3
22. Re3 Raf8 {Turner,D-Feldstein,R Lansing 1987 1/2-1/2 (66)}) (8. Nc3 $142 $18
) 8... Bg7 $17 9. Bb2 O-O (9... d6 10. Qe1 $17) 10. h3 (10. Qc1 $142 $5 $15)
10... d6 $17 11. Qe2 $4 (11. Qe1 $142 $17) 11... e6 (11... dxe5 12. Nc3 b6 13.
Rad1 $19) 12. Nbd2 $4 (12. Rd1 b6 $14) 12... d5 (12... dxe5 $142 13. Rab1 Qc7
$19) 13. a3 (13. Rfe1 b6 $11) 13... a5 14. Rad1 Qc7 {Will e5 fall?} 15. Rfe1
Re8 (15... a4 $142 $5 $11) 16. Nf1 (16. Nh2 Bd7 $16) 16... Ne7 (16... d4 $5 17.
c3 dxc3 18. Bxc3 b6 $16) 17. Ne3 Rd8 $2 (17... h5 $142 18. cxd5 exd5 19. Nxd5
Nxd5 20. Rxd5 Be6 $18) 18. Ng4 $18 b6 (18... Kh8 19. h4 h6 $18) 19. Nf6+ Kh8
20. Ng5 Nc6 (20... Nf5 21. cxd5 h6 22. d6 $18) 21. Ngxh7 Ba6 (21... Bh6 22. Qg4
Kg7 $18) 22. Qg4 Bxf6 23. exf6 (23. exf6 Ne7 24. fxe7+ d4 25. Ng5 Kg7 26. Nxe6+
Kg8 27. Nxc7 Bb5 28. exd8=Q+ Rxd8 29. cxb5 Kh8 30. Qh4+ Kg7 31. Qxd8 Kh7 32.
Ne8 d3 33. Qh4+ Kg8 34. Qh8#) 1-0

[Event "Seattle Open"]
[Site "?"]
[Date "1971.06.13"]
[Round "4"]
[White "Jaaska, E."]
[Black "Bailey, B."]
[Result "1/2-1/2"]
[WhiteElo "1921"]
[BlackElo "1976"]
[Annotator "Stockfish 14 (15s)"]
[PlyCount "76"]
[EventDate "1971.??.??"]

{C99: Closed Ruy Lopez: Chigorin Defence: 11 d4 Qc7 12 Nbd2 cxd4} 1. e4 e5 2.
Nf3 Nc6 3. Bb5 a6 4. Ba4 Nf6 5. O-O Be7 6. Re1 b5 7. Bb3 O-O 8. c3 d6 9. h3 Na5
10. Bc2 c5 11. d4 Qc7 12. Nbd2 cxd4 13. cxd4 Bd7 14. Nf1 Rfc8 15. Bd3 Nb7 $146
(15... Nc6 16. Be3 (16. Bd2 Nxd4 17. Nxd4 exd4 18. Ng3 g6 19. f4 Bf8 20. Qf3
Bg7 21. Re2 Qb6 22. Rf1 Bc6 23. f5 Rf8 24. Bb4 Ne8 25. Qg4 Be5 26. fxg6 hxg6
27. Ref2 Ng7 28. Bd2 Qc7 29. Bf4 Bd7 30. Qh4 Be6 {
Szymanski,A-Dworzynski,R Katowice 1952 1-0 (45)}) 16... Qb7 (16... Qd8 17. Ng3
Qe8 18. a3 Bf8 19. Qd2 g6 20. Rad1 Bg7 21. Bb1 a5 22. Bg5 Rd8 23. Ba2 b4 24.
Bh6 Nxd4 25. Nxd4 exd4 26. Bxg7 Kxg7 27. axb4 axb4 28. Bc4 Rab8 29. Qxd4 Be6
30. Nf5+ Bxf5 31. exf5 {Parma,B (2540)-Hamann,G (2470) Kiel 1978 1-0 (55)}) (
16... Nb4 17. Rc1 Qd8 18. Bb1 Rxc1 19. Bxc1 Nc6 20. b3 exd4 21. Nxd4 Nxd4 22.
Qxd4 Qc7 23. Ne3 Re8 24. Ba3 Be6 25. Rc1 Qd7 26. Rd1 Rd8 27. Kh2 Ne8 28. Nd5
Bxd5 29. Qxd5 Qa7 30. Qd2 h6 31. Bb2 {Lokvenc,J-Gereben,E Vienna 1947 1-0 (89)}
) 17. Ng3 (17. Rc1 g6 18. Bb1 Bf8 19. Qd2 Bg7 20. d5 Ne7 21. Bg5 Rxc1 22. Rxc1
Nc8 23. Qa5 Nb6 24. b3 Be8 25. Be3 Nfd7 26. Rc6 Nc8 27. Qd8 Ncb6 28. Rxb6 Nxb6
29. Qxb6 Qxb6 30. Bxb6 Rc8 31. Be3 Kf8 {
Sturc,G (2205)-Veres,A (1795) Slovakia 1998 1-0 (49)}) 17... Rc7 18. Rc1 Rac8
19. Bb1 Ne8 20. Qd2 g6 21. Red1 f6 22. Ne2 Bf8 23. Bc2 Na5 24. Ng3 Nc4 25. Bb3
Kh8 26. Qe2 Nxe3 27. Rxc7 Nxc7 28. Qxe3 Ne6 29. Ne2 b4 30. Rc1 {
Maroczy,G-Reti,R New York 1924 1/2-1/2 (58)}) (15... Nc6 $5 $14) 16. Be3 $16
exd4 17. Nxd4 Nc5 18. Rc1 Qd8 19. Bb1 (19. Ng3 $142 $5 $16) 19... Ncxe4 $15 20.
Qf3 d5 21. Ng3 Rxc1 22. Bxc1 Nxg3 23. Qxg3 Rc8 24. Bg5 Ne4 25. Bxe7 Qxe7 26.
Qe3 Qg5 (26... Qb4 $142 $5 27. Nb3 Nf6 $17) 27. Bxe4 $11 Qxe3 28. Rxe3 (28.
fxe3 $143 dxe4 29. Kh2 g5 $17) 28... dxe4 29. Rxe4 Kf8 30. Re2 Rc4 31. Rd2 Ke7
32. a3 Kf6 33. f4 b4 34. axb4 Rxb4 35. Nc2 Rb7 36. Nd4 Ke7 37. Kf2 f6 38. h4
Kf7 1/2-1/2

[Event "Seattle Open"]
[Site "?"]
[Date "1971.06.13"]
[Round "5"]
[White "Bailey, B."]
[Black "Vogler, R."]
[Result "0-1"]
[WhiteElo "1976"]
[BlackElo "2128"]
[Annotator "Stockfish 14 (15s)"]
[PlyCount "30"]
[EventDate "1971.??.??"]

{C03: French Tarrasch: Unusual Black 3rd moves} 1. e4 e6 2. d4 d5 3. Nd2 f5 4.
exf5 exf5 5. Ndf3 Nc6 (5... Nf6 6. Bg5 Be7 7. Bd3 Ne4 8. Bxe7 Qxe7 9. Ne2 Qb4+
10. c3 Qxb2 11. O-O O-O 12. c4 dxc4 13. Bxc4+ Kh8 14. Rb1 Qa3 15. Ne5 g6 16.
Rb3 Qe7 17. Nf4 Kg7 18. Rh3 Nc6 19. Nfxg6 hxg6 20. Nxg6 {
Karpov,A (2630)-Pedersen,E (2370) Skopje 1972 1-0}) (5... Bd6 6. Bg5 Nf6 7. Ne5
O-O 8. Qd3 Qe8 9. f4 Ne4 10. Bh4 Nd7 11. O-O-O Ndf6 12. Be2 Qa4 13. Qb3 Qxb3
14. axb3 c6 15. Nh3 a5 16. c3 a4 17. Kc2 Be6 18. Ra1 axb3+ 19. Kxb3 Ng4 20. Nf3
{Lardot,D (2067)-Paavola,M Finland 2005 0-1 (69)}) 6. Bb5 $146 (6. c3 Nf6 7.
Bg5 Be7 8. Bxf6 Bxf6 9. Bd3 Qd6 10. Ne2 Bd7 11. Qc2 Ne7 12. O-O-O O-O-O 13. Ng3
g6 14. Rhe1 Nc6 15. Re2 Rhe8 16. Rde1 Rxe2 17. Rxe2 Re8 18. Rxe8+ Bxe8 19. Qe2
Bd7 20. Bb5 a6 {
Ritter Aguilar,J (2126)-Ridameya Tatche,J (2142) Sants 2001 1/2-1/2}) 6... Bd6
(6... Nf6 $5 $16) 7. Ne5 $18 Bxe5 8. dxe5 Nge7 9. f4 (9. Qh5+ Ng6 10. Nf3 Be6
$18) 9... Bd7 10. Nf3 O-O 11. O-O $4 (11. Be2 $142 Qe8 12. O-O $16) 11... Nxe5
$15 12. Nxe5 Bxb5 13. Rf3 Qd6 (13... Nc6 14. a4 Nxe5 15. fxe5 $17) 14. a4 (14.
b3 c5 15. Bb2 d4 $11) 14... Be8 $17 15. b3 $4 (15. Rd3 $142 $17) 15... Bh5 $19
(15... Bh5 16. Ba3 Bxf3 17. Bxd6 Bxd1 18. Bxe7 Bxc2 19. Bxf8 Kxf8 $19 (19...
Rxf8 $143 20. Rc1 Bxb3 21. Rxc7 Bxa4 22. Rxb7 $19)) 0-1

[Event "Sunfair Open"]
[Site "?"]
[Date "1971.07.10"]
[Round "1"]
[White "Bailey, B."]
[Black "Bricher, J."]
[Result "1-0"]
[WhiteElo "1960"]
[BlackElo "1585"]
[Annotator "Stockfish 13 (15s)"]
[PlyCount "71"]
[EventDate "1971.??.??"]

{B33: Sicilian: Pelikan and Sveshnikov Variations} 1. e4 c5 2. Nf3 Nc6 3. d4
cxd4 4. Nxd4 e6 5. Nb5 d6 6. N1c3 Nf6 7. Bf4 {Can d6 get defended?} e5 8. Bg5
Be7 9. Bc4 (9. Bxf6 Bxf6 10. Qxd6 Qxd6 11. Nxd6+ Ke7 12. Nxc8+ Rhxc8 13. Nd5+
Kf8 14. Nxf6 gxf6 15. c3 Rab8 16. Bb5 Na5 17. Ke2 a6 18. Bd3 b5 19. Rhc1 Nb7
20. b4 Nd6 21. a4 Rc6 22. axb5 Nxb5 23. Bxb5 axb5 {
Feher,G (2380)-Weiss,R (2275) Eger 1993 1-0}) 9... a6 10. Bxf6 gxf6 11. Na3 Bd7
$146 (11... b5 12. Bd5 Qb6 13. O-O Bd7 14. Qh5 O-O 15. Rad1 Rac8 16. Rd3 Nb4
17. Rg3+ Kh8 18. Bxf7 Be8 19. Bxe8 Rcxe8 20. Rh3 Qxf2+ 21. Rxf2 Rf7 22. Qxf7 h6
23. Rxh6# {1-0 (23) Chua Zheng Yuan,T-Lo Kin Mun,D Kuala Lumpur 2001}) (11...
O-O $142 $5 12. Qh5 Be6 $16) 12. Qh5 $18 Rf8 $2 (12... O-O 13. Nd5 b5 $18) 13.
Nd5 b5 14. Bd3 (14. Bb3 $142 Nd4 15. c3 Nxb3 16. axb3 Be6 $18) 14... Nd4 $2 (
14... Rg8 15. Ne3 Kf8 $18) 15. c3 Ne6 16. Nc2 Nc5 (16... Nc7 17. Nce3 $18) 17.
O-O-O Be6 18. Nce3 Rc8 (18... Rb8 19. Kb1 $18) 19. Kb1 Na4 (19... Rb8 20. Qxh7
Kd7 21. Qh5 $18) 20. Qxh7 Kd7 (20... Rc5 21. Qh5 $18) 21. Qh5 Qa5 (21... Rh8
22. Qf3 $18) 22. Qe2 Rc5 (22... Bd8 23. Bc2 $18) 23. Bc2 Rb8 24. Qd2 (24. Bb3
$142 Rcc8 25. h4 Nc5 $18) 24... Nb6 (24... Qd8 25. h4 Nb6 26. h5 $18) 25. Nxe7
Qxa2+ 26. Kc1 Qa1+ 27. Bb1 Rxc3+ (27... Nc8 28. Nxc8 Rbxc8 29. Qxd6+ Ke8 $18)
28. Qxc3 Nc4 29. Nxc4 bxc4 30. Qa3 (30. Nd5 $142 Rb3 31. Qc2 a5 32. Nxf6+ Ke7
33. Nd5+ Kf8 $18) 30... Qxa3 31. bxa3 Kxe7 32. Rd2 (32. h4 Rh8 $18) 32... Rb3 (
32... c3 33. Rdd1 $18) 33. h4 Rxa3 (33... c3 34. Rdd1 $18) 34. h5 f5 (34... c3
35. Rd3 f5 36. h6 fxe4 37. Rxd6 $18) 35. h6 fxe4 (35... c3 36. Rc2 Rb3 $18) 36.
h7 1-0

[Event "Sunfair Open"]
[Site "?"]
[Date "1971.07.10"]
[Round "2"]
[White "Abrahamson, L."]
[Black "Bailey, B."]
[Result "0-1"]
[WhiteElo "1377"]
[BlackElo "1960"]
[Annotator "Stockfish 13 (15s)"]
[PlyCount "48"]
[EventDate "1971.??.??"]

{B35: Sicilian: Accelerated Dragon with 5 Nc3: main line} 1. e4 c5 2. Nf3 Nf6
3. Nc3 Nc6 4. d4 cxd4 5. Nxd4 d6 6. Nxc6 bxc6 7. Bc4 g6 8. Be3 Bg7 9. Qd3 (9.
h3 O-O 10. O-O Bb7 11. Bb3 d5 12. e5 Nd7 13. f4 e6 14. Na4 Ba6 15. Rf2 Qe7 16.
c3 c5 17. Bc2 Rfc8 18. b3 f6 19. exf6 Bxf6 20. Qd2 d4 21. cxd4 cxd4 22. Bxd4
Rxc2 23. Qxc2 Bxd4 {Fadel,M (2220)-Berebora,F (2310) Budapest 1991 0-1 (39)})
9... O-O 10. O-O $146 (10. O-O-O Be6 11. Bxe6 fxe6 12. h4 Rb8 13. f3 Qc7 14.
Qc4 d5 15. exd5 exd5 16. Nxd5 Nxd5 17. Rxd5 Kh8 18. Bd4 Qf4+ 19. Kb1 cxd5 20.
Bxg7+ Kxg7 21. Qc3+ Qf6 22. Qa3 Rb7 23. h5 Rfb8 24. h6+ Kg8 {
Korchmar,V-Lapshin,V Russia 2004 0-1}) (10. h3 Qa5 11. O-O Rb8 $11) 10... Qc7 (
10... Ng4 11. Rab1 $17) 11. Rad1 (11. h3 $142 $5 $11) 11... Ng4 $17 12. Bf4 Ne5
13. Bxe5 Bxe5 (13... dxe5 $143 14. Na4 $14) 14. Rd2 $4 (14. Kh1 $142 $17) 14...
d5 $1 $19 15. exd5 (15. Ba6 Bxh2+ 16. Kh1 dxe4 17. Nxe4 $19) 15... Bxh2+ 16.
Kh1 Qf4 17. g3 (17. g4 Bxg4 18. Kg2 $19) 17... Qh6 18. dxc6 (18. Qe3 g5 19. f4
Bxg3+ 20. Kg1 Bxf4 21. Rxf4 gxf4 22. Qxe7 $19) 18... Bg4 (18... Bxg3+ $142 19.
Kg2 Qh3+ 20. Kf3 Qg4+ 21. Ke3 Bf4+ 22. Kd4 Rd8+ 23. Nd5 $19) 19. Bxf7+ (19. f4
Bxg3+ 20. Kg1 Bxf4 21. Rxf4 Qxf4 22. Nd5 $19) 19... Rxf7 20. Qd8+ (20. f4 Bxg3+
21. Kg1 Bxf4 22. Rxf4 Qxf4 23. Nd5 $19) 20... Rxd8 21. Rxd8+ Rf8 22. Rxf8+ Kxf8
23. f3 (23. Rg1 Bxg3+ 24. Kg2 Qh3#) 23... Bxg3+ 24. Kg2 (24. Kg1 Qh2#) 24...
Qh2# 0-1

[Event "Sunfair Open"]
[Site "?"]
[Date "1971.07.10"]
[Round "3"]
[White "Bailey, B."]
[Black "Jacobs, J."]
[Result "0-1"]
[WhiteElo "1960"]
[BlackElo "2228"]
[Annotator "Stockfish 13 (15s)"]
[PlyCount "36"]
[EventDate "1971.??.??"]

{B52: Sicilian: Moscow Variation with 3...Bd7} 1. e4 c5 2. Nf3 d6 3. Bb5+ Bd7
4. Bxd7+ Qxd7 5. Nc3 Nc6 6. d3 e6 (6... Nf6 7. h3 g6 8. Be3 Bg7 9. Qd2 Rb8 10.
a4 O-O 11. O-O a6 12. e5 Ne8 13. exd6 exd6 14. d4 cxd4 15. Nxd4 Ne5 16. Qe2 Nf6
17. f4 Nc6 18. Nb3 Rfe8 19. Rad1 Qe7 20. Rfe1 Ne4 21. Nd5 {
Cortes,M-Sosiuk,E (2106) Villa Ballester 2005 1/2-1/2 (35)}) 7. O-O Be7 8. Re1
$146 (8. a3 Nf6 9. Re1 O-O 10. e5 dxe5 11. Nxe5 Nxe5 12. Rxe5 Bd6 13. Re1 a6
14. Ne4 Be7 15. Qf3 h6 16. Nxf6+ Bxf6 17. Rb1 Qe7 18. Bd2 b5 19. b4 Rfc8 20.
bxc5 Qxc5 21. Bxh6 Bc3 22. Be3 Qxa3 {
Strzelewicz,L-Goerge,R Schloss Schney 1996 0-1 (38)}) (8. Be3 Nf6 9. h3 O-O 10.
Re1 a6 11. a4 Qc7 12. Nh2 Rab8 13. Bg5 h6 14. Bxf6 Bxf6 15. Ng4 Be7 16. Ne3 b5
17. axb5 axb5 18. Rf1 Bf6 19. Rb1 b4 20. Ne2 Ra8 21. Ng4 Be7 22. Ne3 Ra7 {
Draeger,T-Balcerak,P Wilhelmshaven 1995 0-1 (32)}) (8. Bf4 e5 9. Bd2 Nf6 10.
Bg5 O-O 11. Bxf6 Bxf6 12. Nd5 Bd8 13. c3 Ne7 14. Ne3 f5 15. g3 f4 16. Ng2 Ng6
17. d4 cxd4 18. cxd4 fxg3 19. fxg3 Bb6 20. Qd2 Qg4 21. Ne3 Qxe4 22. Kg2 Bxd4 {
Chaves Perez,C-Bello Filgueira,J Burgas 2001 0-1 (59)}) 8... Nf6 9. d4 cxd4 10.
Nxd4 O-O 11. Bg5 Rac8 (11... a6 12. Nxc6 Qxc6 13. h3 $17) 12. Nxc6 Qxc6 (12...
bxc6 $143 13. Bxf6 Bxf6 14. e5 $11) 13. e5 $2 (13. a4 $142 $15) 13... dxe5 $19
14. Rxe5 Rfd8 15. Qe2 h6 16. Bh4 $2 (16. Bxf6 Bxf6 17. Re3 $19) 16... Rd4 17.
Bg3 Rcd8 (17... Rb4 $142 18. Nd1 Qxc2 $19) 18. Rd1 $4 (18. Qf3 $142 $17) 18...
Qxc3 $3 $19 (18... Qxc3 19. Rb1 Qc8 $19) 0-1

[Event "Sunfair Open"]
[Site "?"]
[Date "1971.07.11"]
[Round "4"]
[White "Golphenee, G."]
[Black "Bailey, B."]
[Result "1/2-1/2"]
[WhiteElo "1829"]
[BlackElo "1960"]
[Annotator "Stockfish 13 (15s)"]
[PlyCount "92"]
[EventDate "1971.??.??"]

{D25: Queen's Gambit Accepted: 4 e3: sidelines and 4...Bg4} 1. d4 d5 2. c4 dxc4
3. Nf3 Nf6 4. e3 g6 5. Nc3 Bg7 6. Bxc4 O-O 7. O-O Nfd7 8. Qc2 (8. Qe2 Nb6 9.
Bb3 Bg4 10. h3 Bxf3 11. Qxf3 Nc6 12. Rd1 Qc8 13. Ne4 Na5 14. Bc2 Nac4 15. Nc5
c6 16. b3 Nd6 17. Bb2 Nd7 18. Nd3 Qe8 19. Rac1 Rd8 20. Ba3 Nb5 21. Bb4 Nf6 22.
a4 Nd6 {Golombek,H-Gligoric,S (2575) Moscow 1956 1/2-1/2 (34)}) 8... Nb6 9. Be2
(9. Bb3 Nc6 10. a3 Bg4 11. Nd2 Bf5 12. Nde4 e5 13. d5 Na5 14. Ba2 Nac4 15. Rd1
Nd6 16. f3 Qe7 17. Qe2 Rfd8 18. Nxd6 cxd6 19. e4 Bd7 20. Be3 Na4 21. Rdc1 Rdc8
22. Qd2 b6 23. b4 Nxc3 {Lukic,L (1934)-Kapstan,A (2125) Winnipeg 2000 1/2-1/2})
9... Nc6 10. a3 $146 (10. Rd1 Bd7 (10... Bf5 11. e4 Bg4 12. d5 Ne5 13. Nxe5
Bxe2 14. Nxe2 Bxe5 15. Bh6 Re8 16. a4 a5 17. Be3 Ra6 18. Rac1 Na8 19. f4 Bg7
20. e5 Qd7 21. Qb3 Nb6 22. Nc3 Qd8 23. Nb5 Na8 24. Nxc7 Nxc7 25. Qxb7 {
Kots,Y-Vaisman,A Novosibirsk 1961 1-0}) 11. e4 e5 12. d5 Ne7 13. Be3 Nec8 14.
a4 Nd6 15. a5 Nbc8 16. Na4 f5 17. Nc5 f4 18. Bd2 Re8 19. a6 b6 20. Nb7 Qe7 21.
Qxc7 Nxe4 22. d6 Ncxd6 23. Nxd6 Qxd6 24. Qc4+ Kh8 {
Cech,P (2315)-Hladik,J Luhacovice 1993 1-0}) (10. h3 e5 11. dxe5 Nxe5 12. b3
Qe7 13. Bb2 c6 14. Rad1 Bf5 15. e4 Nxf3+ 16. Bxf3 Be6 17. Ne2 Bxb2 18. Qxb2 Qg5
19. Qd2 Qe5 {1/2-1/2 (19) Melzer,G-Secula,V Hamburg 1980}) (10. Rd1 $142 $5 $16
) 10... Bf5 $14 11. Bd3 Bxd3 12. Qxd3 Na5 (12... Re8 $5 13. Rd1 e5 $11) 13. Rd1
Nb3 14. Rb1 c5 15. Qb5 c4 16. Na4 (16. Nd2 $142 Nxd2 17. Bxd2 $14) 16... Nxa4
$17 17. Qxa4 Qd5 18. Nd2 $2 (18. Qb4 $142 e5 19. Nd2 $17) 18... b5 $19 19. Qb4
Nxc1 $4 (19... Qf5 $142 20. Rf1 a5 21. Qxe7 Qd3 22. Nxb3 cxb3 $19 (22... Qxb1
$6 23. Nxa5 c3 24. b4 $17) (22... Qxb3 $143 23. Bd2 $14)) 20. Rdxc1 (20. Rbxc1
e5 21. e4 Qxd4 22. Nxc4 Qxe4 23. Qxb5 Rad8 $11) 20... e6 (20... e5 21. b3 Rac8
22. bxc4 bxc4 23. Rxc4 exd4 24. exd4 Rxc4 25. Qxc4 Qxd4 26. Qxd4 Bxd4 27. g4
$15) 21. a4 $11 a6 (21... e5 22. Qxb5 Qxb5 23. axb5 exd4 24. exd4 Bxd4 25. Nxc4
$11) 22. axb5 axb5 23. b3 Ra2 (23... Rfc8 24. bxc4 bxc4 25. Rxc4 $14 (25. Nxc4
$143 Bf8 26. Qb3 Ra3 27. Qxa3 Bxa3 28. Nxa3 Qb7 $15)) 24. bxc4 $16 bxc4 25. Rb2
(25. Nxc4 $142 $5 h5 26. h3 $16) 25... Rxb2 $11 26. Qxb2 Rc8 27. Qc3 e5 28. Qb4
exd4 29. Rxc4 Rxc4 30. Qxc4 Qa5 31. Nb3 Qa2 32. Qd3 (32. exd4 $4 Bxd4 33. Kh1
Qb1+ 34. Nc1 Bb2 $19) 32... dxe3 33. fxe3 (33. Qxe3 $4 Qb1+ 34. Nc1 Bb2 $19)
33... Qb2 34. Kf1 Bf6 35. e4 (35. Nd2 Bc3 36. Nf3 Ba5 $11) 35... Kg7 (35... Be5
36. h3 $15) 36. Nd2 $11 Bd4 37. h3 Ba7 38. Ke2 Qf6 39. Qf3 Qa6+ 40. Qd3 Qf6 41.
Qf3 Qd4 42. g4 Bc5 43. Qf4 Bd6 44. Qe3 Be5 45. Qxd4 Bxd4 46. Nf3 Bb6 1/2-1/2